Milovaný až na popravisko

Bibliographic Details
Main Author: Jókai, Mór, 1825-1904 (Author)
Other Authors: Gál, Štefan, 1913-1995 (Translator, Annotator)
Format: Book
Language:Slovak
Hungarian
PhysicalDescription:460, [4] s. 8°
Published: Bratislava Tatran 1968
Series:Meteór
Subjects:

MARC

LEADER 00000nam a2200000 a 4500
001 vtls008320463
003 SK-MaSNL
005 20260301182215.0
008 230403s1968 xo slo
015 |a SNBA1968/12-02492 
035 |a SK01SNK19680012680 
035 |a urn:nbn:sk:snk-am3h59a 
035 |a urn:nbn:sk:snk-am00co0m 
035 |a 6E58D494-E316-4574-9878-F44B612FAD53 
035 |a SKM000015143 
040 |a SNK  |b slo  |c SNK  |e AACR2 
041 1 |a slo  |h hun 
044 |a xo  |c SK 
080 |a 894.511-3  |2 1981 
100 1 |a Jókai, Mór,  |d 1825-1904  |4 aut  |9 92996 
240 1 0 |a Szeretve mind a vérpadig  |l Slovensky 
245 1 0 |a Milovaný až na popravisko  |c Mór Jókai ; z maď. orig. Szeretve mind a vérpadig prel. a pozn. sprac. Štefan Gál 
260 |a Bratislava  |b Tatran  |c 1968  |e Martin  |f Tlačiarne SNP 
300 |a 460, [4] s.  |c 8° 
490 1 |a Meteór  |v zv. 10. 
500 |a Vysvetl. Rozlož. tit. list 
563 |a 23500 výtl. 
650 0 7 |a maďarské romány  |2 SNK  |9 282203 
655 7 |a umelecká literatúra  |2 SNKPH  |9 60405 
700 1 |a Gál, Štefan,  |d 1913-1995  |4 trl  |4 ann  |9 156177 
830 0 |a Meteór  |9 276888 
852 |a Slovenská národná knižnica 
919 |a viaz. 
954 |a beletria cudzojazyčná (svetová)  |2 lita 
958 |a OND 
958 |a TL 
958 |a LX 
958 |a UP 
958 |a HU 
958 |a RK 
958 |a EUIPO 
999 |c 852813  |d 854743 
952 |a SNK  |b SNK  |y VYP  |7 0  |p 17A0553842  |o snkSD 34223 D1  |i snkKSP 895/69  |3 rekatalogizácia  |0 0  |1 0  |4 0  |d 2007-07-13  |l 0  |r 2026-02-24 04:46:57  |w 2026-02-24 
952 |a SNK  |b SNK  |y PREZ  |7 0  |p 17A0863529  |o snkSD 34223  |0 0  |1 0  |4 0  |d 2013-08-09  |f 1  |l 0  |r 2026-02-24 04:46:57  |w 2026-02-24